Houston Astros Nicknames - Statistics

General Stats
  • This quiz has been taken 713 times
    45 since last reset
  • The average score is 10 of 14
Answer Stats
Nickname Tenure Player % Correct
Bidge 1988–2007 Craig Biggio
97%
Gigante 2011– Jose Altuve
97%
Ryan Express 1980–1988 Nolan Ryan
97%
Bagpipes 1991–2005 Jeff Bagwell
94%
JV 2017–2024 Justin Verlander
94%
Air Yordan 2019– Yordan Alvarez
94%
Billy the Kid 1995–2003 Billy Wagner
78%
Big Puma / Fat Elvis 1999–2010 Lance Berkman
72%
La Tormenta 2022– Jeremy Peña
53%
Little Joe 1963–1971 Joe Morgan
50%
Cheo 1975–2007 José Cruz
50%
Horhay 2014–2020 George Springer
44%
The Toy Cannon 1963–1973 Jim Wynn
36%
El Caballo 2007–2012 Carlos Lee
22%
No matching quizzes found
Score Distribution
Percent of People with Each Score
Percentile by Number Answered
Your Score History
You have not taken this quiz since the last reset